[Event "Port of Spain op"]
[Site "Port of Spain"]
[Date "2017.08.31"]
[Round "7"]
[White "Johnson, Gabriella"]
[Black "Maharaj, Varenyam"]
[Result "1-0"]
[WhiteElo "1941"]
[BlackElo "1572"]
[PlyCount "51"]
[EventDate "2017.08.27"]
[EventType "swiss"]
[EventRounds "9"]
[EventCountry "TRI"]
[SourceTitle "CBM 180 Extra"]
[Source "ChessBase"]
[SourceDate "2017.10.06"]
[SourceVersion "1"]
[SourceVersionDate "2017.10.06"]
[SourceQuality "1"]

1. e4 c5 2. Nf3 d6 3. d4 cxd4 4. Nxd4 Nf6 5. Nc3 a6 6. Be2 e5 7. Nb3 Be7 8. 0-0 0-0 9. a4 Be6 10. Be3 Nbd7 11. f4 exf4 12. Rxf4 Qc7 13. Nd4 Ne5 14. Qe1 Nc4 15. Nxe6 fxe6 16. Bxc4 Qxc4 17. e5 Qc7 18. exf6 Bxf6 19. Qe2 Bxc3 20. Rc4 Qe7 21. Rxc3 Rf5 22. Re1 Raf8 23. Bb6 e5 24. Rc7 Qe6 25. Rxb7 Qd5 26. Rc7 1-0

[Event "Port of Spain op"]
[Site "Port of Spain"]
[Date "2017.08.30"]
[Round "5"]
[White "Maharaj, Varenyam"]
[Black "Seaforth, Sylvan"]
[Result "1-0"]
[WhiteElo "1572"]
[BlackElo "1760"]
[PlyCount "55"]
[EventDate "2017.08.27"]
[EventType "swiss"]
[EventRounds "9"]
[EventCountry "TRI"]
[SourceTitle "CBM 180 Extra"]
[Source "ChessBase"]
[SourceDate "2017.10.06"]
[SourceVersion "1"]
[SourceVersionDate "2017.10.06"]
[SourceQuality "1"]

1. e4 e5 2. Nf3 d6 3. d4 Nd7 4. Nc3 g6 5. Bc4 Nb6 6. Bb3 Bg7 7. dxe5 c5 8. Qe2 dxe5 9. 0-0 a6 10. Be3 Qc7 11. Nd2 Nf6 12. h3 0-0 13. f4 Nh5 14. Qf2 Bxh3 15. gxh3 Nxf4 16. Bxf4 exf4 17. Qe2 Rac8 18. Nd5 Nxd5 19. Bxd5 b5 20. c3 Rcd8 21. Nf3 Qe7 22. Rfd1 g5 23. Qg2 Kh8 24. Qxg5 Bd4+ 25. Kh1 Qd7 26. cxd4 Qxh3+ 27. Nh2 Rd6 28. Qe5+ 1-0

[Event "Port of Spain op"]
[Site "Port of Spain"]
[Date "2017.08.28"]
[Round "3"]
[White "Saha, Anusha"]
[Black "Maharaj, Varenyam"]
[Result "0-1"]
[WhiteElo "1220"]
[BlackElo "1572"]
[PlyCount "90"]
[EventDate "2017.08.27"]
[EventType "swiss"]
[EventRounds "9"]
[EventCountry "TRI"]
[SourceTitle "CBM 180 Extra"]
[Source "ChessBase"]
[SourceDate "2017.10.06"]
[SourceVersion "1"]
[SourceVersionDate "2017.10.06"]
[SourceQuality "1"]

1. Nf3 Nf6 2. g3 g6 3. Bg2 Bg7 4. d3 d5 5. 0-0 0-0 6. Bf4 c6 7. c3 Nbd7 8. Qc2 Re8 9. Ne5 Nh5 10. Nxd7 Nxf4 11. gxf4 Bxd7 12. f3 Qc7 13. e3 e5 14. e4 exf4 15. Qf2 d4 16. cxd4 Qb6 17. e5 f6 18. Nc3 fxe5 19. dxe5 Qxf2+ 20. Kxf2 Bxe5 21. Rfe1 Bd4+ 22. Kf1 Bxc3 23. bxc3 Bf5 24. d4 Kf7 25. Kf2 Rxe1 26. Rxe1 Re8 27. Bf1 Rxe1 28. Kxe1 b5 29. a3 Be6 30. Bd3 Bc4 31. Kd2 Bxd3 32. Kxd3 Ke6 33. Ke4 g5 34. h3 a6 35. h4 h6 36. hxg5 hxg5 37. Kd3 Kd5 38. a4 bxa4 39. c4+ Kd6 40. Kc3 a3 41. Kb3 g4 42. fxg4 f3 43. c5+ Kd5 44. g5 f2 45. g6 f1Q 0-1